| 000 | 00424nam a22001697a 4500 | ||
|---|---|---|---|
| 999 |
_c525751 _d525751 |
||
| 003 | NUST | ||
| 020 | _qH/B | ||
| 038 | _awaseem | ||
| 082 |
_a209 _bRAS |
||
| 100 |
_aAhmed, Rasheed _916691 |
||
| 245 |
_aTarikh-e-Mazab / _cRasheed Ahmed |
||
| 260 |
_aKahuta : _bKalat Publishers, _c2010. |
||
| 300 | _a421 p. ; | ||
| 880 |
_6100-01\r _aرشید احمد |
||
| 880 |
_6245-02\r _aتاریخِ مذاہب / |
||
| 942 |
_2ddc _cBK |
||